Online
Catalog
Normal view MARC view

Entry Nombre personal

Number of records used in: 2

001 - NÚMERO DE CONTROL

  • campo de control: 26119

003 - IDENTIFICADOR DEL NÚMERO DE CONTROL

  • campo de control: OSt

005 - FECHA Y HORA DE LA ÚLTIMA TRANSACCIÓN

  • campo de control: 20230301120839.0

008 - DATOS DE LONGITUD FIJA

  • campo de control de longitud fija: 200615|| aca||aabn | a|a d

040 ## - FUENTE DE LA CATALOGACIÓN

  • Centro catalogador/agencia de origen: OSt
  • Centro/agencia transcriptor: OSt

100 ## - ENCABEZAMIENTO-NOMBRE DE PERSONA

  • Nombre de persona: Incháutegui, Arístides
  • Fechas asociadas al nombre: 1938-

400 1# - TRAZADO DE VÉASE--NOMBRE DE PERSONA

  • Nombre de persona: Incháustegui Reynoso, Arístides,
  • Fechas asociadas al nombre: 1938-

400 1# - TRAZADO DE VÉASE--NOMBRE DE PERSONA

  • Nombre de persona: Reynoso, Arístides Incháustegui,
  • Fechas asociadas al nombre: 1938-

670 ## - FUENTE DE DATOS ENCONTRADOS

  • Cita de la fuente: Work cat.: (OSt)10558: Holguín Veras, Miguel 1927- 26117, Canciones antiguas dominicanas :, 2001.

670 ## - FUENTE DE DATOS ENCONTRADOS

  • Cita de la fuente: Apuntes para la historia del himno nacional dominicano, 1982

Powered by Koha